书目信息 |
| 题名: |
常用中药商品鉴定
|
|
| 作者: | 刘塔斯 , 刘斌 , 林丽美 编著 | |
| 分册: | ||
| 出版信息: | 北京 化学工业出版社 2005.03 |
|
| 页数: | 341页 | |
| 开本: | 24cm | |
| 丛书名: | 中药科学鉴定方法与技术丛书 | |
| 单 册: | ||
| 中图分类: | R28 | |
| 科图分类: | ||
| 主题词: | 中药鉴定学 | |
| 电子资源: | ||
| ISBN: | 7-5025-6604-X | |
| 000 | 00966nam 2200277 450 | |
| 001 | 010250510780 | |
| 005 | 20051025091331.74 | |
| 010 | @a7-5025-6604-X@dCNY39.50 | |
| 100 | @a20050907d2005 km y0chiy0120 ea | |
| 101 | 0 | @achi |
| 102 | @aCN@b110000 | |
| 105 | @aa a 000yy | |
| 200 | 1 | @a常用中药商品鉴定@Achang yong zhong yao shang pin jian ding@f刘塔斯, 刘斌, 林丽美等编著@Fliu ta si,liu bin,lin li mei deng bian zhu |
| 210 | @a北京@c化学工业出版社@d2005.03 | |
| 215 | @a341页@c图@d24cm | |
| 225 | 2 | @a中药科学鉴定方法与技术丛书 |
| 320 | @a有书目 (第341页) | |
| 330 | @a本书共分5章, 重点阐述了中药商品鉴定的基本概念、基本理论和基本方法, 并介绍了这些方法在常用中药商品鉴定中的应用。 | |
| 410 | 0 | @12001 @a中药科学鉴定方法与技术丛书 |
| 606 | 0 | @a中药鉴定学 |
| 690 | @aR28@v4 | |
| 701 | 0 | @a刘塔斯@Aliu ta si@4编著 |
| 701 | 0 | @a刘斌@Aliu bin@4编著 |
| 701 | 0 | @a林丽美@Alin li mei@4编著 |
| 801 | 0 | @aCN@bbQSSK@c20051025 |
| 905 | @a10447@dR28@eL686 | |
| 常用中药商品鉴定/刘塔斯, 刘斌, 林丽美等编著.-北京:化学工业出版社,2005.03 |
| 341页:图;24cm.-(中药科学鉴定方法与技术丛书) |
| ISBN 7-5025-6604-X:CNY39.50 |
| 本书共分5章, 重点阐述了中药商品鉴定的基本概念、基本理论和基本方法, 并介绍了这些方法在常用中药商品鉴定中的应用。 |
| ● |
| 相关链接 |
|
|
|
正题名:常用中药商品鉴定
索取号:R28/L686
 
预约/预借
| 序号 | 登录号 | 条形码 | 馆藏地/架位号 | 状态 | 备注 |
| 1 | 571364 | 205713646 | 自科库401/401自科库 12排1列3层/ [索取号:R28/L686] | 在馆 | |
| 2 | 571365 | 205713655 | 自科库401/401自科库 12排1列3层/ [索取号:R28/L686] | 在馆 | |
| 3 | 571366 | 205713664 | 自科库401/401自科库 12排1列3层/ [索取号:R28/L686] | 在馆 |